Entry Personal Name
Number of records used in: 1
001 - CONTROL NUMBER
003 - CONTROL NUMBER IDENTIFIER
005 - DATE AND TIME OF LATEST TRANSACTION
- control field:
20200129100515.0
008 - FIXED-LENGTH DATA ELEMENTS
- fixed length control field:
000615n| azannaabn |a aaa
010 ## - LIBRARY OF CONGRESS CONTROL NUMBER
- LC control number:
n 00089791
040 ## - CATALOGING SOURCE
- Original cataloging agency:
DLC
- Language of cataloging:
eng
- Transcribing agency:
DLC
- Modifying agency:
DLC
- Description conventions:
rda
100 1# - HEADING--PERSONAL NAME
- Personal name:
Gamble, John
- Fuller form of name:
(John E.)
400 1# - SEE FROM TRACING--PERSONAL NAME
- Personal name:
Gamble, John E.
670 ## - SOURCE DATA FOUND
- Source citation:
Strickland, A. J. Cases in strategic management, 2001:
- Information found:
CIP t.p. (John Gamble) galley (John E. Gamble)
670 ## - SOURCE DATA FOUND
- Source citation:
Essentials of strategic management, c2009:
- Information found:
CIP t.p. (John E. Gamble; Univ. of South Alabama)